000 01603nam a22001577a 4500
999 _c517461
_d517461
008 210715b ||||| |||| 00| 0 eng d
100 _aWillems, Jurgen
_926675
245 _aPublic servant stereotypes: It is not (at) all about being lazy, greedy and corrupt
260 _aPublic Administration: An International Quarterly
300 _a98(4), Dec, 2020: p.807-823
520 _aAs stereotypes strongly influence social interactions, this study explores the stereotypical associations regarding public servants, and about various professions in the public sector as well as the for-profit and nonprofit sectors. This leads to a better understanding of the theoretical and practical challenges, such as citizen behaviour towards public servants, attractiveness of and political decisions about public service jobs. With a mixed-method analysis of cognitive associations (7,470 associations by 415 respondents for 12 professions), the defining epithets of public servants are clarified, along with their positive or negative connotation. Despite the strongest associations for public servants being positive (caring, helpful and dedicated), as an overall category, it has a less positive connotation compared to some specific professions typical in the public sector (nurse, firefighter and police). However, cognitive associations are substantially more positive for public servants compared to politicians, lawyers and salesmen. – Reproduced
650 _aPublic Administration
_926676
773 _aPublic Administration: An International Quarterly
906 _aCIVIL SERVICE
942 _cAR